Gross Anatomy (Record no. 59)

MARC details
000 -LEADER
fixed length control field 00517nam a22002057a 4500
003 - CONTROL NUMBER IDENTIFIER
control field OSt
005 - DATE AND TIME OF LATEST TRANSACTION
control field 20170207190917.0
008 - FIXED-LENGTH DATA ELEMENTS--GENERAL INFORMATION
fixed length control field 140701b xxu||||| |||| 00| 0 eng d
020 ## - INTERNATIONAL STANDARD BOOK NUMBER
International Standard Book Number 9780781771740
040 ## - CATALOGING SOURCE
Transcribing agency LDC
082 ## - DEWEY DECIMAL CLASSIFICATION NUMBER
Classification number QS4 C472g 2008
100 ## - MAIN ENTRY--PERSONAL NAME
Personal name Chung WON Kyung; Chung,Harold M.
9 (RLIN) 181
245 ## - TITLE STATEMENT
Title Gross Anatomy
250 ## - EDITION STATEMENT
Edition statement 6th ed.
260 ## - PUBLICATION, DISTRIBUTION, ETC. (IMPRINT)
Place of publication, distribution, etc. London;
Name of publisher, distributor, etc. Wolter Kluwer
Date of publication, distribution, etc. 2008
300 ## - PHYSICAL DESCRIPTION
Extent xii, 498 p.:
Other physical details Col.ill;
Dimensions 26 cm.
504 ## - BIBLIOGRAPHY, ETC. NOTE
Bibliography, etc Includes Index
650 ## - SUBJECT ADDED ENTRY--TOPICAL TERM
Topical term or geographic name as entry element Anatomy
9 (RLIN) 124
942 ## - ADDED ENTRY ELEMENTS (KOHA)
Source of classification or shelving scheme Other/Generic Classification Scheme
Koha item type Open Shelf
Holdings
Withdrawn status Lost status Source of classification or shelving scheme Damaged status Not for loan Home library Current library Date acquired Source of acquisition Inventory number Total Checkouts Full call number Barcode Date last seen Date last checked out Koha item type
    Other/Generic Classification Scheme     MUST Main Library MUST Main Library 01/07/2014   12/36101 3 QS4 C472g 2008 2014-0074 06/04/2021 20/03/2021 Open Shelf